LEADER 00988nam0-22003611i-450- 001 990002582820403321 005 20070618100257.0 010 $a0-8176-3478-9 035 $a000258282 035 $aFED01000258282 035 $a(Aleph)000258282FED01 035 $a000258282 100 $a20030910d1990----km-y0itay50------ba 101 0 $aeng 200 1 $aSet-valued analysis$fJean-Pierre Aubin, Hélène Frankowska 210 $aBoston$cBirkhauser$d1990 215 $axix, 461 p.$d24 cm 225 1 $aSystems & control$v2 610 0 $aEconomia 610 0 $aMetodi matematici per l'economia 676 $a514.32 700 1$aAubin,$bJean-Pierre$054013 702 1$aFrankowska,$bHélène 801 0$aIT$bUNINA$gRICA$2UNIMARC 901 $aBK 912 $a990002582820403321 952 $aMXX-A-132$b1993$fMAS 952 $aMXX-A-231$b7658$fMAS 952 $a121-N-42$b9041$fMA1 959 $aMAS 959 $aMA1 996 $aSet-valued analysis$9436288 997 $aUNINA LEADER 03393nam 2200601Ia 450 001 9910459111703321 005 20200520144314.0 010 $a1-282-77273-2 010 $a9786612772733 010 $a0-520-94550-6 024 7 $a10.1525/9780520945500 035 $a(CKB)2670000000029682 035 $a(EBL)547591 035 $a(OCoLC)643326986 035 $a(SSID)ssj0000444807 035 $a(PQKBManifestationID)11262548 035 $a(PQKBTitleCode)TC0000444807 035 $a(PQKBWorkID)10480801 035 $a(PQKB)11269721 035 $a(MiAaPQ)EBC547591 035 $a(DE-B1597)520002 035 $a(DE-B1597)9780520945500 035 $a(Au-PeEL)EBL547591 035 $a(CaPaEBR)ebr10395774 035 $a(CaONFJC)MIL277273 035 $a(EXLCZ)992670000000029682 100 $a20091106d2010 uy 0 101 0 $aeng 135 $aur|n|---||||| 181 $ctxt 182 $cc 183 $acr 200 14$aThe wind doesn't need a passport$b[electronic resource] $estories from the U.S.-Mexico borderlands /$fTyche Hendricks 210 $aBerkeley $cUniversity of California Press$d2010 215 $a1 online resource (262 p.) 300 $a"Portions of this work originally appeared, in different form, in the San Francisco Chronicle series "On The Border." 311 $a0-520-25250-0 320 $aIncludes bibliographical references and index. 327 $tFrontmatter -- $tContents -- $tMap Of The U.S.-Mexico Borderlands -- $tIntroduction -- $tOne. Elsa: " "We want to hold our kids close forever" -- $tTwo. McAllen/Reynosa "Most people here work in the maquiladoras" -- $tThree. Hachita: "A fence is only as good as its weakest point" -- $tFour. Nogales/Nogales: "If they get sick here, we care for them" -- $tFive. Sells: "O'odham first and American or Mexican second" -- $tSix. Mexicali: "The wind doesn't need a passport" -- $tSeven. Jacumba: "The border is a sham" -- $tEight. Tijuana: "A constant drumbeat of killings" -- $tConclusion -- $tAcknowledgments -- $tNotes -- $tSelected bibliography -- $tIndex 330 $aAward-winning journalist Tyche Hendricks has explored the U.S.-Mexico borderlands by car and by foot, on horseback, and in the back of a pickup truck. She has shared meals with border residents, listened to their stories, and visited their homes, churches, hospitals, farms, and jails. In this dazzling portrait of one of the least understood and most debated regions in the country, Hendricks introduces us to the ordinary Americans and Mexicans who live there-cowboys and Indians, factory workers and physicians, naturalists and nuns. A new picture of the borderlands emerges, and we find that this region is not the dividing line so often imagined by Americans, but is a common ground alive with the energy of cultural exchange and international commerce, burdened with too-rapid growth and binational conflict, and underlain with a deep sense of history. 606 $aInternational relations 607 $aMexican-American Border Region$xSocial conditions 608 $aElectronic books. 615 0$aInternational relations. 676 $a303.48/209721 700 $aHendricks$b Tyche$01051493 801 0$bMiAaPQ 801 1$bMiAaPQ 801 2$bMiAaPQ 906 $aBOOK 912 $a9910459111703321 996 $aThe wind doesn't need a passport$92482028 997 $aUNINA LEADER 02338nam 22005415 450 001 9910682568603321 005 20251008153626.0 010 $a3-031-24038-3 024 7 $a10.1007/978-3-031-24038-6 035 $a(MiAaPQ)EBC7214771 035 $a(Au-PeEL)EBL7214771 035 $a(CKB)26270993800041 035 $a(DE-He213)978-3-031-24038-6 035 $a(PPN)269094733 035 $a(EXLCZ)9926270993800041 100 $a20230314d2023 u| 0 101 0 $aeng 135 $aurcnu|||||||| 181 $ctxt$2rdacontent 182 $cc$2rdamedia 183 $acr$2rdacarrier 200 10$a3D FEA Simulations in Machining /$fby Panagiotis Kyratsis, Anastasios Tzotzis, J. Paulo Davim 205 $a1st ed. 2023. 210 1$aCham :$cSpringer International Publishing :$cImprint: Springer,$d2023. 215 $a1 online resource (95 pages) 225 1 $aManufacturing and Surface Engineering,$x2365-8231 311 08$aPrint version: Kyratsis, Panagiotis 3D FEA Simulations in Machining Cham : Springer International Publishing AG,c2023 9783031240379 320 $aIncludes bibliographical references. 327 $aIntroduction in machining simulation methodologies -- State of the art in FEM-based machining simulations -- FEA simulations in turning -- FEA simulations in drilling -- FEA simulations in milling. 330 $aThis book covers machining simulations using advanced nonlinear finite element analysis (FEA) methodologies coupled with CAD-based techniques. The content increases awareness about the possibilities to reduce the actual experimental work via experimentally validated simulations using nonlinear finite element analysis. 410 0$aManufacturing and Surface Engineering,$x2365-8231 606 $aIndustrial engineering 606 $aProduction engineering 606 $aIndustrial and Production Engineering 615 0$aIndustrial engineering. 615 0$aProduction engineering. 615 14$aIndustrial and Production Engineering. 676 $a620.00151535 700 $aKyratsis$b Panagiotis$01280217 702 $aTzotzis$b Anastasios 702 $aDavim$b J. Paulo 801 0$bMiAaPQ 801 1$bMiAaPQ 801 2$bMiAaPQ 906 $aBOOK 912 $a9910682568603321 996 $a3D FEA simulations in machining$93374648 997 $aUNINA